000 00799nam a2200193 a 4500
003 0
005 20250602164520.0
008 021119s19uu xx 00 eng d
050 _aPHS JF 1525.C66
_b.B67 2002
100 _aBorromeo, Juan Carlos C.
245 _aThe Perceptions of selected government employees and politicians on corruption in Philippine government /
_cJuan Carlos C. Borromeo.
260 _aLas PiƱas City, Philippines :
_bSouthville International School and Colleges,
_c2002.
300 _a60 pages :
_billustrations ;
_c28 cm.
504 _aIncludes bibliographical references.
650 _aPolitical corruption
_zPhilippines.
650 _aPublic administration
_xCorrupt practices
_zPhilippines.
650 _aGovernment employees
_zPhilippines
_xAttitudes.
942 _2lcc
_cPASS
999 _c96683
_d96683